Datum a čas kvízu
35
Celkem bodů
Celkový počet nahraných bodů na tomto kvízu bez doplňovacích otázek.
2.
Pořadí na kvízu
Konečné umístění týmu na tomto kvízu.
Zaznamenané odpovědi
| # | Otázka | Odpověď | Body | Výsledky |
|---|---|---|---|---|
| 1. | Jak se jmenuje kandidát na úst... | Pavel Simon | 0 | |
| 2. | Minulý týden oznámila 46letá p... | v Itálii | 1 | |
| 3. | Ve čtvrtek mělo premiéru ameri... | Martin Scorcese | 1 | |
| 4. | Německý národní dopravce Deuts... | Arriva | 0 | |
| 5. | Ve čtvrtek na tenisovém turnaj... | zahrál úder opačnou rukou | 1 | |
| 6. | V tomto tématu zabrousíme do č... | Ilja Racek | 1 | |
| 7. | Drama Nabarvené ptáče z roku 2... | Václav Marhoul | 1 | |
| 8. | V srpnu 2023 přišel do kin fil... | Nikdy neříkej nikdy | 1 | |
| 9. | Autorská dvojice Ladislav Pech... | Dobří holubi se vracejí | 1 | |
| 10. | Ptakopysk sice není pták, ale... | Nejistá sezona | 1 |